00727nam a2200253Ia 4500003000900000008004100009040001300050040001300063041000800076100002100084100001000105245003900115250000900154260001200163260000900175300001100184300001000195490000600205700002200211700002100233942000700254999001700261952019500278IT-RoPAU120407s9999 xx 000 0 und d aIT-RoPAU cIT-RoPAU aita aRoberto Cipriani ccoll. aSociologia del fenomeno religioso. aRoma aBulzoni c1974 a222 p. c21 cm v1 aFranco Ferrarotti aRoberto Cipriani cBK c29293d29293 00102ddc406200_16000000000000071aPAULUSbPAULUSd2012-04-11l0o200.16r2012-04-11 00:00:00w2012-04-11yBKzInserito da: Anna In data: 14 luglio 2011 fondo: Via A.Severo 56 Progr:33001